00947nam a2200205Ia 4500952014500000952014500145952014500290999001700435003000400452005001700456008004100473040000900514082002200523100002000545245005500565260004700620300000900667650001400676942005100690 00102ddc40708LEXIaMESbMEScLEXICONd2019-02-20g30.00l0o894.812016 GOV/Mp8347r2019-02-20 00:00:00tVol - 1w2019-02-20yREFzU19R3 00102ddc40708LEXIaMESbMEScLEXICONd2019-02-20g30.00l0o894.812016 GOV/Mp8348r2019-02-20 00:00:00tVol - 2w2019-02-20yREFzU19R3 00102ddc40708LEXIaMESbMEScLEXICONd2019-02-20g30.00l0o894.812016 GOV/Mp8349r2019-02-20 00:00:00tVol - 3w2019-02-20yREFzU19R3 c35375d35375OSt20201218115925.0190216s9999||||xx |||||||||||||| ||und|| coclc a894.812016bGOV/M aGovi, K M97259 0aMalayala Grantha Soochi /cK M Govi ; A K Panikker bKerala Sahithya Academy,c1979.aThrissur: a407p aMalayalam cREF2ddch894.812016iGOV/Mk894.812016mGOV/M